| 000 | 00349nam a2200133Ia 4500 | ||
|---|---|---|---|
| 005 | 20260328104312.0 | ||
| 008 | 260328s9999||||xx |||||||||||||| ||und|| | ||
| 100 | _aLeborg, Christian | ||
| 245 | 0 |
_a Visual Grammar : _b A Design HandBook / _cChristian Leborg |
|
| 260 | _bGustavo Gili | ||
| 300 | _a95 p. | ||
| 650 | _aDISEÑO GRÁFICO | ||
| 942 | _cBK | ||
| 999 |
_c11014 _d11014 |
||